Matrimonios felices": cambios y continuidades en las percepciones y en las actitudes hacia la violencia doméstica en el Valle Central de Costa Rica /
Gespeichert in:
| 1. Verfasser: | |
|---|---|
| Format: | Text |
| Schlagworte: | |
| Tags: |
Tag hinzufügen
Keine Tags, Fügen Sie den ersten Tag hinzu!
|
MARC
| LEADER | 00000 a a2200000 04500 | ||
|---|---|---|---|
| 001 | 4168 | ||
| 003 | |||
| 040 | |||
| 090 | |a REV0229 (105) 1998 | ||
| 100 | |a Rodríguez Sáenz, Eugenia | ||
| 245 | |a Matrimonios felices": |b cambios y continuidades en las percepciones y en las actitudes hacia la violencia doméstica en el Valle Central de Costa Rica / |c Eugenia Rodríguez Sáenz | ||
| 650 | |a MATRIMONIO | ||
| 650 | |a FAMILIA | ||
| 650 | |a PERSONAS CASADAS | ||
| 650 | |a VIOLENCIA | ||
| 650 | |a PROBLEMAS SOCIALES | ||
| 773 | |g número 105; páginas 9-30 | ||
| 999 | |c 31694 |d 31694 | ||
